Europa: Geografie mit G - Statistiken

Allgemein
  • Dieses Quiz wurde 231 mal gespielt
  • Das Durchschnittsergebnis liegt bei 10 aus 16
Antwortstatistiken
Hinweis Antwort % Korrekt
Südöstlicher Mitgliedstaat der EU Griechenland
96%
Größter See Italiens, der in der Antike "Lacus benacus" hieß Gardasee
87%
Größte Stadt im Vereinigten Königreich außerhalb Englands Glasgow
81%
Größter See sowohl Frankreichs als auch der Schweiz Genfer See
79%
Mit 3798 Metern höchster Berg Österreichs Großglockner
76%
Hauptstadt der Steiermark Graz
74%
Hauptstadt der italienischen Region Ligurien Genua
71%
Bezeichnung für die Kanäle in Amsterdam Grachten
68%
Ehemalige Währung der Niederlande Gulden
66%
Größte schwedische Insel mit der Hauptstadt Visby Gotland
56%
Nach Fläche und Einwohnerzahl die zweitgrößte der Kanalinseln Guernsey
51%
Kanton in der Ostschweiz mit den drei Amtssprachen Deutsch, Rätoromanisch und Italienisch Graubünden
48%
In Nordspanien entspringender Fluss, der durch die französischen Städte Toulouse und Bordeaux fließt Garonne
44%
Mit C eine autonome Gemeinschaft im Nordwesten Spaniens, mit Z eine historische Landschaft in Polen und der Ukraine Galicien/Galizien
39%
Grafschaft und gleichnamige Stadt im Westen Irlands, die 2020 Europäische Kulturhauptstadt war Galway
34%
Der im Mittelalter auf einem Hügel errichtete Turm ist eines der bekanntesten Wahrzeichen Istanbuls {Galata}turm
21%
Keine übereinstimmenden Quizze gefunden
Verteilung der Resultate
Anzahl Personen mit jedem Resultat
Perzentil nach korrekt beantworteten Fragen
Ihre Resultats-Entwicklung
Sie haben dieses Quiz noch nicht gespielt